Sports Quiz

Random Sports or Country Quiz

Formula One Most Races Quiz Stats

 Plays Quiz Updated Jan 20, 2019

Score 0/20 Timer 06:00
32 Plays Today
GPs Driver % Correct
228*Lewis Hamilton
94.4%
291*Kimi Raikkonen
89.3%
307Michael Schumacher
86%
311*Fernando Alonso
83%
199Alain Prost
81.2%
218*Sebastian Vettel
77.1%
306Jenson Button
71.3%
246David Coulthard
66.5%
268*Felipe Massa
66.1%
323Rubens Barrichello
63.3%
GPs Driver % Correct
206Nico Rosberg
51.9%
215Mark Webber
50.2%
252Jarno Trulli
44.3%
204Nelson Piquet
41%
229Giancarlo Fisichella
37.3%
210Gerhard Berger
31.8%
201Jean Alesi
27.1%
256Riccardo Patrese
22.4%
208Andrea de Cesaris
13.2%
194Michele Alboreto
9.4%

You're not logged in!

Compare scores with friends on all Sporcle quizzes.
OR
Log In

Sporcle TV

Today on Sporcle TV


Watch our educational content, quiz creation guides, and fun videos on Sporcle TV.

Show Comments

Extras

Top Quizzes Today


Score Distribution

Your Account Isn't Verified!

In order to create a playlist on Sporcle, you need to verify the email address you used during registration. Go to your Sporcle Settings to finish the process.

Report this User

Report this user for behavior that violates our Community Guidelines.

Details: